Normal view
MARC view
- ISLAM-MUHASAN-E-ISLAM
Entry Topical Term
001 - CONTROL NUMBER
- control field: 79359
003 - CONTROL NUMBER IDENTIFIER
- control field: NUST
005 - DATE AND TIME OF LATEST TRANSACTION
- control field: 20210628210426.0
008 - FIXED-LENGTH DATA ELEMENTS
- fixed length control field: 210628|| aca||aabn | a|a d
040 ## - CATALOGING SOURCE
- Original cataloging agency: NUST
- Transcribing agency: NUST
150 ## - HEADING--TOPICAL TERM
- Topical term or geographic name entry element: ISLAM-MUHASAN-E-ISLAM
670 ## - SOURCE DATA FOUND
- Source citation: Work cat.: (NUST): Thanvi, Muhammad Ashraf Ali Muhammad Ashraf Ali Thanvi 11089, Khutbat-e-hakeem ul umat muhasan-e-islam, 1995
